000
00359nam a2200157Ia 4500
003
OSt
005
20240207111208.0
008
170523s9999 xx 000 0 und d
020
_a
978-8180549199
040
_c
iimt university meerut
100
_a
GHOSH- PK
245
0
_a
BUSINESS POLICY
260
_b
SULTAN CHAND SONS
260
_c
1999
942
_2
ddc
_c
02
999
_c
373
_d
373